| 000 | 00525nam a2200181Ia 4500 | ||
|---|---|---|---|
| 005 | 20250508150602.0 | ||
| 008 | 008 250505s9999 xx 000 0 eng d | ||
| 037 | _aTextual | ||
| 040 |
_aFEDL _beng _cFEDL |
||
| 041 |
_aeng _2eng |
||
| 084 |
_a732.354, ARC _qFEDL |
||
| 100 | _aArcher W G | ||
| 245 | 0 | _aVertical man : A study in primitive Indian sculpture | |
| 260 |
_aLondon, UK _bGeorge Allen and Unwin Limited _c1947 |
||
| 300 | _a122p. | ||
| 942 |
_cTEXL _h732.354, ARC |
||
| 999 |
_c1324410 _d1324410 |
||